[Event "World Blitz"]
[Site "Moscow RUS"]
[Date "2007.11.22"]
[Round "31"]
[White "Ivanchuk, V."]
[Black "Adams, Mi"]
[Result "0-1"]
[WhiteElo "2787"]
[BlackElo "2729"]
[PlyCount "80"]
[EventDate "2007.11.21"]
[Source "www.chesslib.no"]
[SourceDate "2004.05.04"]

1. d4 Nf6 2. Nf3 e6 3. c4 b6 4. g3 Bb7 5. Bg2 Be7 6. Nc3 O-O 7. O-O Ne4 8. Bd2 f5 9. Qc2 Bf6 10. Rad1 Nxc3 11. Bxc3 Be4 12. Qc1 d6 13. Ne1 Qe8 14. f3 Bb7 15. e4 Nd7 16. Nd3 fxe4 17. fxe4 e5 18. d5 Bc8 19. Bh3 Nc5 20. Bxc8 Nxd3 21. Rxd3 Rxc8 22. Rdf3 Qg6 23. Rf5 h6 24. Qd1 Be7 25. Qa4 Rxf5 26. exf5 Qe8 27. Qxa7 Bg5 28. Kg2 Qh5 29. Qb7 Qe2+ 30. Rf2 Qe4+ 31. Kh3 Rf8 32. Qxc7 Be3 33. Rf1 Qd3 34. Rf3 Qe4 35. Rf1 Qd3 36. Rf3 Qe4 37. Rf1 h5 38. Re1 Qxf5+ 39. Kg2 Qf3+ 40. Kh3 Qg4+ 0-1

[Event "World Blitz"]
[Site "Moscow RUS"]
[Date "2007.11.22"]
[Round "23"]
[White "Karpov, Ana"]
[Black "Adams, Mi"]
[Result "0-1"]
[WhiteElo "2670"]
[BlackElo "2729"]
[PlyCount "112"]
[EventDate "2007.11.21"]
[Source "www.chesslib.no"]
[SourceDate "2004.05.04"]

1. d4 Nf6 2. c4 e6 3. Nf3 b6 4. g3 Bb7 5. Bg2 Be7 6. Nc3 O-O 7. O-O Ne4 8. Bd2 f5 9. d5 Bf6 10. Rc1 Na6 11. Be1 Nac5 12. Nd4 Qe7 13. e3 a5 14. Nde2 Rae8 15. Qc2 Nxc3 16. Nxc3 Bxc3 17. Bxc3 d6 18. Kh1 Ne4 19. Rcd1 Qf7 20. Qd3 Qh5 21. Kg1 Ng5 22. f3 h6 23. b3 Bc8 24. Kh1 Bd7 25. Rde1 Re7 26. Qd2 e5 27. Qe2 Qg6 28. Bd2 Ree8 29. Qf2 a4 30. Bc3 b5 31. Qe2 f4 32. exf4 exf4 33. Qd2 Rxe1 34. Qxe1 bxc4 35. bxc4 Qd3 36. h4 Nf7 37. Qa1 Ne5 38. Bxe5 dxe5 39. Qxe5 Qxc4 40. g4 Re8 41. Qh5 Re7 42. Rg1 Be8 43. Qf5 Bf7 44. Qc8+ Re8 45. Qf5 Bxd5 46. g5 hxg5 47. Qxg5 Rf8 48. Kh2 Rf7 49. Bh3 Bxf3 50. Bf5 Qd5 51. Bg6 Qd2+ 52. Kh3 Qd7+ 53. Kh2 Rf6 54. Bb1 Kf8 55. Qe5 Bg4 56. Qc5+ Kg8 0-1

[Event "Tilburg"]
[Site "Tilburg"]
[Date "1980.??.??"]
[Round "?"]
[White "Portisch, Lajos"]
[Black "Karpov, Anatoly"]
[Result "1/2-1/2"]
[WhiteElo "2655"]
[BlackElo "2725"]
[PlyCount "49"]
[EventDate "1980.09.??"]
[Source "ChessBase"]

1. d4 Nf6 2. c4 e6 3. Nf3 b6 4. g3 Bb7 5. Bg2 Be7 6. O-O O-O 7. Nc3 Ne4 8. Nxe4 Bxe4 9. Nh4 Bxg2 10. Nxg2 d5 11. Qa4 dxc4 12. Qxc4 c5 13. Be3 cxd4 14. Bxd4 Qc8 15. Rac1 Qxc4 16. Rxc4 Rd8 17. Be3 Nd7 18. Rfc1 Kf8 19. Ne1 Nf6 20. Nf3 Nd5 21. Bd4 f6 22. e4 Nb4 23. a3 Nd3 24. R1c2 e5 25. Be3 1/2-1/2

[Event "Sochi RUS"]
[Site "?"]
[Date "2006.04.28"]
[Round "9"]
[White "Ponomariov Ruslan"]
[Black "Alekseev Evgeny"]
[Result "1-0"]
[WhiteElo "2738"]
[BlackElo "2640"]
[PlyCount "89"]
[EventDate "2006.??.??"]
[Source "www.chesslib.no"]
[SourceDate "2004.05.04"]

1. d4 Nf6 2. c4 e6 3. Nf3 b6 4. g3 Bb7 5. Bg2 Be7 6. Nc3 Ne4 7. Bd2 Bf6 8. O-O O-O 9. Rc1 d6 10. d5 Nxd2 11. Nxd2 e5 12. b4 a5 13. a3 Nd7 14. Nb3 Be7 15. c5 axb4 16. axb4 bxc5 17. bxc5 Ba6 18. c6 Nb6 19. Ra1 f5 20. Qc2 g6 21. Ra5 Bc4 22. Rfa1 Bxb3 23. Qxb3 Rxa5 24. Rxa5 Qb8 25. Nb5 Nc8 26. Qa4 Nb6 27. Qb4 Nc8 28. Ra6 Bg5 29. e3 Kg7 30. Qa5 Bd8 31. Bf1 g5 32. e4 fxe4 33. Qe1 Ne7 34. Qxe4 Ng8 35. Qe3 Kh8 36. Bd3 Rf7 37. Qa7 Qxa7 38. Rxa7 Kg7 39. Ra8 Rf8 40. Bf5 Nf6 41. Be6 Ne4 42. Rc8 h5 43. Nxc7 g4 44. Rxd8 Rxd8 45. Bf5 1-0

[Event "Sparkassen Chess Meeting 2007"]
[Site "Dortmund GER"]
[Date "2007.06.26"]
[Round "3"]
[White "Carlsen, Magnus"]
[Black "Alekseev, Evgeny"]
[Result "1/2-1/2"]
[WhiteElo "2693"]
[BlackElo "2679"]
[PlyCount "119"]
[EventDate "2007.06.23"]
[Source "www.chesslib.no"]
[SourceDate "2004.05.04"]

1. d4 Nf6 2. c4 e6 3. Nf3 b6 4. g3 Bb7 5. Bg2 Be7 6. O-O O-O 7. Nc3 Ne4 8. Nxe4 Bxe4 9. Nh4 Bxg2 10. Nxg2 d5 11. Qa4 Qe8 12. Qxe8 Rxe8 13. cxd5 exd5 14. Be3 c5 15. Nf4 Rd8 16. dxc5 bxc5 17. Rac1 d4 18. Bd2 a5 19. Nd3 Nd7 20. e3 Nf6 21. Rfd1 Ne4 22. exd4 Nxd2 23. Rxd2 Bg5 24. f4 Rxd4 25. fxg5 c4 26. Rdc2 Rxd3 27. Rxc4 g6 28. R4c3 Rd2 29. R1c2 Rad8 30. Rxd2 Rxd2 31. Rb3 a4 32. Rb4 a3 33. bxa3 Rxa2 34. a4 Kg7 35. h4 h6 36. Kf1 hxg5 37. hxg5 Kf8 38. Re4 Rc2 39. Ke1 Rc5 40. Rg4 Ke7 41. Kd2 Ke6 42. Kd3 Rc1 43. Rc4 Rg1 44. g4 Rg3+ 45. Kc2 Kd5 46. Rf4 Kc5 47. Kd2 Ra3 48. Ke2 Kd5 49. Kf2 Ra2+ 50. Kg3 Ra3+ 51. Kf2 Ra2+ 52. Ke3 Ra3+ 53. Kd2 Kc5 54. Kc2 Rg3 55. Kb2 Rg2+ 56. Kc3 Rg3+ 57. Kc2 Ra3 58. Kb2 Rg3 59. a5 Kb5 60. a6 1/2-1/2

[Event "Corr"]
[Site "?"]
[Date "2002.01.15"]
[Round "?"]
[White "Bang Erik (DEN)"]
[Black "Oosterom Joop J.van (NED)"]
[Result "1/2-1/2"]
[WhiteElo "2658"]
[BlackElo "2714"]
[PlyCount "90"]
[EventDate "2002.??.??"]
[Source "www.chesslib.no"]
[SourceDate "2004.05.04"]

1. d4 d5 2. c4 e6 3. Nf3 Nf6 4. g3 Be7 5. Bg2 O-O 6. O-O b6 7. Nc3 Bb7 8. Ne5 Na6 9. b3 Qc8 10. cxd5 exd5 11. Bb2 Qe6 12. Rc1 c5 13. Nd3 Rfd8 14. Nf4 Qd7 15. e3 cxd4 16. exd4 Re8 17. Bh3 Qd8 18. Nb5 Ne4 19. Nd3 Nd6 20. Nc3 Nc7 21. Ne5 f6 22. Nd3 Ne4 23. Ne2 Bd6 24. Nef4 Qe7 25. Re1 Qf7 26. f3 Ng5 27. Bg2 Nge6 28. Qd2 Bc8 29. Nxe6 Bxe6 30. Nf4 Bf5 31. Bf1 Rac8 32. Ng2 Rxe1 33. Nxe1 Re8 34. Ng2 Ne6 35. Bb5 Rd8 36. Ne3 Ng5 37. Qe2 Bd7 38. Bxd7 Qxd7 39. f4 Nh3+ 40. Kh1 Re8 41. Qf3 Qe6 42. Nc2 Qf5 43. Ne3 Qe6 44. Nc2 Qf5 45. Ne3 Qe6 1/2-1/2

[Event "Reggio Emilia91 Top16"]
[Site "Reggio Emilia"]
[Date "1991.??.??"]
[Round "?"]
[White "Andersson, Ulf"]
[Black "Karpov, Anatoly"]
[Result "1/2-1/2"]
[WhiteElo "2640"]
[BlackElo "2725"]
[PlyCount "57"]
[EventDate "1991.01.??"]
[Source "ChessBase"]

1. Nf3 Nf6 2. c4 e6 3. g3 b6 4. Bg2 Bb7 5. O-O Be7 6. Nc3 O-O 7. d4 Ne4 8. Nxe4 Bxe4 9. Nh4 Bxg2 10. Nxg2 d5 11. Qa4 dxc4 12. Qxc4 c5 13. Be3 cxd4 14. Bxd4 Qc8 15. Rfc1 Qxc4 16. Rxc4 Na6 17. Nf4 Rfd8 18. Be3 Rd7 19. Nd3 f6 20. Rac1 Rad8 21. Kg2 Kf7 22. g4 Rb7 23. g5 Bd6 24. gxf6 gxf6 25. Rh4 Rh8 26. Rcc4 Nc7 27. Rh3 Nd5 28. Bd2 Rc7 29. Rxc7+ 1/2-1/2

[Event "Mar del Plata"]
[Site "Mar del Plata"]
[Date "1982.??.??"]
[Round "?"]
[White "Andersson, Ulf"]
[Black "Karpov, Anatoly"]
[Result "1/2-1/2"]
[WhiteElo "2635"]
[BlackElo "2720"]
[PlyCount "38"]
[EventDate "1982.02.??"]
[Source "ChessBase"]

1. Nf3 Nf6 2. c4 b6 3. g3 Bb7 4. Bg2 e6 5. O-O Be7 6. d4 O-O 7. Nc3 Ne4 8. Nxe4 Bxe4 9. Ne1 Bxg2 10. Nxg2 d6 11. b3 Bf6 12. Bb2 c5 13. Rb1 cxd4 14. Bxd4 Nd7 15. Qd2 Rc8 16. Rfd1 Rc6 17. Bxf6 Nxf6 18. Ne3 Qb8 19. Qb4 a5 1/2-1/2

[Event "Tilburg"]
[Site "?"]
[Date "1988.??.??"]
[Round "?"]
[White "Karpov, An"]
[Black "Portisch, L."]
[Result "1-0"]
[WhiteElo "2725"]
[BlackElo "2630"]
[PlyCount "111"]
[EventDate "1988.??.??"]
[Source "ChessBase"]
[SourceDate "1988.07.01"]

1. d4 Nf6 2. c4 e6 3. Nf3 b6 4. g3 Bb7 5. Bg2 Be7 6. Nc3 Ne4 7. Bd2 Bf6 8. O-O O-O 9. Rc1 c5 10. d5 exd5 11. cxd5 Nxd2 12. Nxd2 d6 13. Nc4 Ba6 14. Qb3 Bxc4 15. Qxc4 a6 16. a4 Nd7 17. e3 Ne5 18. Qe2 c4 19. Be4 Re8 20. Bc2 Rc8 21. Ne4 Be7 22. b3 cxb3 23. Bxb3 Qd7 24. Rxc8 Qxc8 25. Rb1 Qf5 26. Nd2 Rb8 27. Bd1 Qc8 28. Nb3 Bf6 29. Nd4 Qb7 30. Qc2 g6 31. Be2 Kg7 32. Qb3 Nd7 33. Nc6 Ra8 34. Qb4 Qc7 35. Kg2 h5 36. h3 Kg8 37. Bd1 Re8 38. g4 hxg4 39. Bxg4 Kg7 40. Bxd7 Qxd7 41. Qf4 Rh8 42. Qg4 Qe8 43. Rxb6 Rh4 44. Qf3 Rxa4 45. Rb8 Qd7 46. Ra8 Bh4 47. e4 Bf6 48. Qd3 Qb7 49. Rb8 Qd7 50. Qc2 Ra3 51. Rb3 Ra1 52. Rf3 Qb7 53. Rxf6 Qb5 54. Qc3 Qf1+ 55. Kg3 Qg1+ 56. Kh4 1-0

[Event "II Open Rapid"]
[Site "Canada de Calatrava SPA"]
[Date "2007.04.08"]
[Round "7"]
[White "Akobian, V."]
[Black "Ivanchuk, V."]
[Result "0-1"]
[WhiteElo "2600"]
[BlackElo "2750"]
[PlyCount "52"]
[EventDate "2007.04.06"]
[Source "www.chesslib.no"]
[SourceDate "2004.05.04"]

1. d4 Nf6 2. c4 e6 3. Nf3 b6 4. g3 Bb7 5. Bg2 Be7 6. O-O O-O 7. Nc3 Ne4 8. Nxe4 Bxe4 9. Ne1 Bxg2 10. Nxg2 d5 11. Qc2 c6 12. Bf4 Nd7 13. cxd5 cxd5 14. Rac1 Nf6 15. Bg5 Ne4 16. Bxe7 Qxe7 17. Nf4 Qb7 18. Qc7 Qa6 19. Qe5 Nf6 20. a3 Rac8 21. Kg2 h6 22. Qd6 Rc4 23. e3 Rfc8 24. Rxc4 Qxc4 25. h4 Qc2 26. Qb4 Ne4 0-1

[Event "Haninge"]
[Site "?"]
[Date "1990.??.??"]
[Round "?"]
[White "Karpov, An"]
[Black "Ehlvest, J."]
[Result "1/2-1/2"]
[WhiteElo "2730"]
[BlackElo "2620"]
[PlyCount "94"]
[EventDate "1990.??.??"]
[Source "ChessBase"]
[SourceDate "1990.01.01"]

1. d4 Nf6 2. c4 e6 3. Nf3 b6 4. g3 Bb7 5. Bg2 Be7 6. Nc3 Ne4 7. Bd2 Bf6 8. Qc2 Nxd2 9. Qxd2 O-O 10. O-O d6 11. Rfd1 Nd7 12. d5 e5 13. Qc2 g6 14. e4 Bg7 15. Bh3 h5 16. b4 Qe7 17. Qe2 Rfd8 18. a3 Bh6 19. Ra2 Nf6 20. Rc2 a5 21. Ra2 Rdb8 22. Rda1 Nh7 23. Bg2 Bc8 24. Nb5 Ng5 25. Nxg5 Bxg5 26. c5 bxc5 27. bxc5 Ba6 28. a4 dxc5 29. Qc4 Rb6 30. Qc3 Bxb5 31. axb5 Rxb5 32. Bf1 Rb4 33. Rxa5 Rxa5 34. Rxa5 Rb1 35. h4 Rc1 36. Qb3 Bh6 37. Kg2 Bf8 38. Ra8 Kg7 39. Bc4 Qd6 40. Ra6 Qd7 41. Be2 Bd6 42. Ra2 c4 43. Qe3 Re1 44. Qc3 Rb1 45. Bxc4 Rb8 46. Be2 Kh7 47. Qe3 Qe7 1/2-1/2

[Event "Madrid"]
[Site "Madrid"]
[Date "1992.??.??"]
[Round "6"]
[White "Karpov, Anatoly"]
[Black "Epishin, Vladimir"]
[Result "1/2-1/2"]
[WhiteElo "2725"]
[BlackElo "2620"]
[PlyCount "43"]
[EventDate "1992.05.??"]
[Source "ChessBase"]

1. d4 Nf6 2. c4 e6 3. Nf3 b6 4. g3 Bb7 5. Bg2 Be7 6. O-O O-O 7. Nc3 Ne4 8. Nxe4 Bxe4 9. Nh4 Bxg2 10. Nxg2 d5 11. Qa4 dxc4 12. Qxc4 c5 13. Be3 cxd4 14. Bxd4 Qc8 15. Rac1 Qxc4 16. Rxc4 Rd8 17. Be3 Kf8 18. Nf4 Ke8 19. Rfc1 Nd7 20. Nd3 Bd6 21. b4 Ne5 22. Nxe5 1/2-1/2

[Event "60th ch-RUS Superfinal"]
[Site "Moscow RUS"]
[Date "2007.12.19"]
[Round "2"]
[White "Sakaev, K."]
[Black "Jakovenko, D."]
[Result "1-0"]
[WhiteElo "2634"]
[BlackElo "2710"]
[PlyCount "81"]
[EventDate "2007.12.18"]
[Source "www.chesslib.no"]
[SourceDate "2004.05.04"]

1. d4 Nf6 2. c4 e6 3. Nf3 b6 4. g3 Bb7 5. Bg2 Be7 6. O-O O-O 7. Nc3 Ne4 8. Bd2 f5 9. Qc2 Bf6 10. Rad1 Na6 11. d5 Nac5 12. e3 a5 13. Nd4 Qe7 14. Nde2 Qf7 15. Bc1 Nxc3 16. Nxc3 Rae8 17. Nb5 Bd8 18. b3 d6 19. a3 Ne4 20. f3 Nc5 21. b4 axb4 22. axb4 Nd7 23. e4 fxe4 24. fxe4 Qg6 25. Nd4 Rxf1+ 26. Rxf1 Nf8 27. Bb2 Bc8 28. Qf2 Bd7 29. Ne2 exd5 30. Nf4 Qf7 31. exd5 Ng6 32. Ne6 Qxf2+ 33. Rxf2 Ne5 34. Bxe5 dxe5 35. Nxd8 Rxd8 36. Ra2 Bf5 37. Ra7 Rd7 38. Kf2 Bd3 39. c5 bxc5 40. bxc5 Kf8 41. d6 1-0

[Event "Biel"]
[Site "Biel"]
[Date "1990.??.??"]
[Round "12"]
[White "Polugaevsky, Lev"]
[Black "Karpov, Anatoly"]
[Result "1/2-1/2"]
[WhiteElo "2610"]
[BlackElo "2730"]
[PlyCount "33"]
[EventDate "1990.07.??"]
[Source "ChessBase"]

1. d4 Nf6 2. c4 e6 3. Nf3 b6 4. g3 Bb7 5. Bg2 Be7 6. O-O O-O 7. Nc3 Ne4 8. Nxe4 Bxe4 9. Ne1 Bxg2 10. Nxg2 d5 11. Qa4 dxc4 12. Qxc4 c5 13. Be3 cxd4 14. Bxd4 Qc8 15. Rac1 Na6 16. Nf4 Rd8 17. Be3 1/2-1/2

[Event "Amsterdam"]
[Site "Amsterdam"]
[Date "1981.??.??"]
[Round "?"]
[White "Karpov, Anatoly"]
[Black "Polugaevsky, Lev"]
[Result "1/2-1/2"]
[WhiteElo "2690"]
[BlackElo "2620"]
[PlyCount "38"]
[EventDate "1981.05.??"]
[Source "ChessBase"]

1. d4 Nf6 2. c4 e6 3. Nf3 b6 4. g3 Bb7 5. Bg2 Be7 6. O-O O-O 7. Nc3 Ne4 8. Bd2 f5 9. Qc2 Bf6 10. Rad1 Nxc3 11. Bxc3 Be4 12. Qd2 d6 13. Ne1 Bxg2 14. Nxg2 Qe7 15. Nf4 Nd7 16. d5 Bg5 17. dxe6 Bxf4 18. Qxf4 Qxe6 19. Rfe1 Nc5 1/2-1/2

[Event "Bilbao"]
[Site "Bilbao"]
[Date "1987.??.??"]
[Round "?"]
[White "Andersson, Ulf"]
[Black "Karpov, Anatoly"]
[Result "1/2-1/2"]
[WhiteElo "2600"]
[BlackElo "2710"]
[PlyCount "49"]
[EventDate "1987.06.??"]
[Source "ChessBase"]

1. Nf3 Nf6 2. c4 b6 3. g3 Bb7 4. Bg2 e6 5. O-O Be7 6. d4 O-O 7. Nc3 Ne4 8. Nxe4 Bxe4 9. Ne1 Bxg2 10. Nxg2 d5 11. Qa4 Qe8 12. Qxe8 Rxe8 13. cxd5 exd5 14. Rd1 Na6 15. Be3 Rad8 16. Rac1 g5 17. Bd2 c5 18. dxc5 Nxc5 19. Bc3 Ne6 20. e3 Bc5 21. Kf1 h6 22. Rd3 d4 23. exd4 Bxd4 24. Bxd4 Nxd4 25. Rdd1 1/2-1/2

[Event "Moscow INT"]
[Site "Moscow"]
[Date "1981.??.??"]
[Round "2"]
[White "Polugaevsky, L."]
[Black "Karpov, An"]
[Result "1/2-1/2"]
[WhiteElo "2620"]
[BlackElo "2690"]
[PlyCount "33"]
[EventDate "1981.??.??"]
[Source "www.chesslib.no"]
[SourceDate "2004.05.04"]

1. Nf3 Nf6 2. c4 b6 3. g3 e6 4. Bg2 Bb7 5. O-O Be7 6. Nc3 O-O 7. d4 Ne4 8. Bd2 d6 9. Rc1 Nxd2 10. Qxd2 c5 11. Rcd1 cxd4 12. Nxd4 Bxg2 13. Kxg2 a6 14. e4 Ra7 15. Qe2 Qc8 16. b3 Rc7 17. a4 1/2-1/2

[Event "Phillips&Drew"]
[Site "London"]
[Date "1982.??.??"]
[Round "?"]
[White "Geller, Efim P"]
[Black "Karpov, Anatoly"]
[Result "1/2-1/2"]
[WhiteElo "2575"]
[BlackElo "2720"]
[PlyCount "35"]
[EventDate "1982.04.??"]
[Source "ChessBase"]

1. c4 Nf6 2. Nf3 b6 3. g3 Bb7 4. Bg2 e6 5. O-O Be7 6. d4 O-O 7. Nc3 Ne4 8. Nxe4 Bxe4 9. Ne1 Bxg2 10. Nxg2 d5 11. Qa4 dxc4 12. Qxc4 c5 13. Be3 cxd4 14. Bxd4 Qc8 15. Rac1 Na6 16. Ne3 Rd8 17. Qxc8 Raxc8 18. Rxc8 1/2-1/2

[Event "Bundesliga 9900"]
[Site "Germany"]
[Date "1999.10.09"]
[Round "1"]
[White "Movsesian, Sergei"]
[Black "Hracek, Zbynek"]
[Result "1-0"]
[WhiteElo "2659"]
[BlackElo "2629"]
[PlyCount "76"]
[EventDate "1999.10.??"]
[Source "www.chesslib.no"]
[SourceDate "2004.05.04"]

1. d4 Nf6 2. Nf3 e6 3. g3 b6 4. Bg2 Bb7 5. O-O Be7 6. c4 O-O 7. Nc3 Ne4 8. Bd2 Bf6 9. Rc1 c5 10. d5 exd5 11. cxd5 Nxd2 12. Nxd2 d6 13. Nde4 Re8 14. Qd2 Ba6 15. Rfe1 Be7 16. f4 Nd7 17. g4 b5 18. g5 Bf8 19. Nd1 b4 20. Ne3 Qb6 21. Kh1 g6 22. Ng4 Bg7 23. b3 c4 24. bxc4 Bc8 25. Qd3 Kh8 26. Qg3 a5 27. Ngf6 Bxf6 28. gxf6 Rxe4 29. Bxe4 Nxf6 30. Bg2 Bd7 31. e4 Re8 32. e5 Nh5 33. Qf3 Qd4 34. Qe4 Qd2 35. Rcd1 Qxa2 36. Qd4 dxe5 37. fxe5 Ng7 38. c5 Nf5 1-0

[Event "Palma de Mallorca"]
[Site "Palma de Majorca ESP"]
[Date "1972.??.??"]
[Round "?"]
[White "Korchnoi, Viktor L"]
[Black "Polugaevsky, Lev A"]
[Result "1/2-1/2"]
[WhiteElo "2640"]
[BlackElo "2645"]
[PlyCount "29"]
[EventDate "1972.??.??"]
[Source "www.chesslib.no"]
[SourceDate "2004.05.04"]

1. d4 Nf6 2. c4 e6 3. Nf3 b6 4. g3 Bb7 5. Bg2 Be7 6. O-O O-O 7. Nc3 Ne4 8. Nxe4 Bxe4 9. Ne1 Bxg2 10. Nxg2 d5 11. Qa4 Qd7 12. Qxd7 Nxd7 13. cxd5 exd5 14. Rd1 Rfd8 15. Nf4 1/2-1/2

[Event "Dortmund"]
[Site "Dortmund"]
[Date "1994.??.??"]
[Round "3"]
[White "Piket, Jeroen"]
[Black "Timman, Jan H"]
[Result "1/2-1/2"]
[WhiteElo "2660"]
[BlackElo "2620"]
[PlyCount "48"]
[EventDate "1994.07.??"]
[Source "ChessBase"]

1. d4 Nf6 2. c4 e6 3. Nf3 b6 4. g3 Bb7 5. Bg2 Be7 6. O-O O-O 7. Nc3 Ne4 8. Nxe4 Bxe4 9. Bf4 d6 10. Qb3 Nd7 11. Rfd1 Qc8 12. Bh3 Qe8 13. Nd2 Bc6 14. e4 e5 15. Be3 exd4 16. Bxd4 Bf6 17. Bxd7 Qxd7 18. Bxf6 gxf6 19. Qc3 Qe6 20. Re1 Rfe8 21. Re3 f5 22. exf5 Qxf5 23. Rae1 Rxe3 24. Rxe3 Re8 1/2-1/2

[Event "60th ch-RUS Superfinal"]
[Site "Moscow RUS"]
[Date "2007.12.22"]
[Round "4"]
[White "Sakaev, K."]
[Black "Tomashevsky, E."]
[Result "0-1"]
[WhiteElo "2634"]
[BlackElo "2646"]
[PlyCount "74"]
[EventDate "2007.12.18"]
[Source "www.chesslib.no"]
[SourceDate "2004.05.04"]

1. d4 Nf6 2. c4 e6 3. Nf3 b6 4. g3 Bb7 5. Bg2 Be7 6. O-O O-O 7. Nc3 Ne4 8. Bd2 d5 9. cxd5 exd5 10. Bf4 Nd7 11. Qc2 Nxc3 12. bxc3 c5 13. Rad1 Nf6 14. Be5 Qc8 15. Ng5 g6 16. Qd2 Nh5 17. Nh3 Qe6 18. Kh1 f6 19. Bf4 Rad8 20. Be3 Bc6 21. Qc2 Rfe8 22. Rfe1 Bf8 23. Qb3 c4 24. Qc2 b5 25. Bd2 a5 26. f3 f5 27. e4 fxe4 28. fxe4 dxe4 29. Ng5 Qf5 30. Rf1 Qd7 31. Be3 Bd5 32. g4 Qxg4 33. Bh3 Qh4 34. Qg2 Bh6 35. Rde1 Nf4 36. Bxf4 e3 37. Qxd5+ Rxd5 0-1

[Event "Deutschland"]
[Site "?"]
[Date "1994.??.??"]
[Round "?"]
[White "Yusupov, A."]
[Black "Almasi, Z."]
[Result "1/2-1/2"]
[WhiteElo "2655"]
[BlackElo "2620"]
[PlyCount "81"]
[EventDate "1994.??.??"]
[Source "ChessBase"]
[SourceDate "1994.10.01"]

1. d4 Nf6 2. c4 e6 3. Nf3 b6 4. g3 Bb7 5. Bg2 Be7 6. Nc3 Ne4 7. Bd2 Bf6 8. O-O O-O 9. Rc1 c5 10. d5 exd5 11. cxd5 Nxd2 12. Nxd2 d6 13. Nde4 Be5 14. f4 Bd4+ 15. Kh1 Ba6 16. Rf3 Re8 17. g4 Qe7 18. g5 Nd7 19. e3 Bxc3 20. Nxc3 b5 21. Rg3 f5 22. gxf6 Nxf6 23. Qe2 Rab8 24. a4 b4 25. Qxa6 bxc3 26. bxc3 Ne4 27. Bxe4 Qxe4+ 28. Kg1 Qxd5 29. Qe2 Qe4 30. Rd1 d5 31. Qd3 Rbd8 32. Qxe4 Rxe4 33. Rg5 Rxe3 34. Rgxd5 Rxd5 35. Rxd5 Rxc3 36. Rd8+ Kf7 37. Rd7+ Kf6 38. Rxa7 Rc2 39. a5 Ra2 40. a6 h5 41. Rc7 1/2-1/2

[Event "USA (ch) 74/537"]
[Site "?"]
[Date "1998.??.??"]
[Round "?"]
[White "Shabalov, Alexander"]
[Black "Seirawan, Yasser"]
[Result "1/2-1/2"]
[WhiteElo "2645"]
[BlackElo "2630"]
[PlyCount "129"]
[EventDate "1998.??.??"]
[Source "ChessBase"]
[SourceDate "1998.10.01"]

1. Nf3 Nf6 2. c4 e6 3. g3 b6 4. Bg2 Bb7 5. O-O Be7 6. d4 O-O 7. Nc3 Ne4 8. Bd2 d6 9. d5 Nxc3 10. Bxc3 Bf6 11. Nd4 e5 12. Nc6 Nxc6 13. dxc6 Bc8 14. b4 Bf5 15. Rc1 Re8 16. Qd5 g6 17. Be4 Be6 18. Qd3 Qe7 19. a4 Bg7 20. f3 f5 21. Bd5 Bxd5 22. Qxd5+ Qf7 23. Rfd1 Bh6 24. Ra1 Be3+ 25. Kg2 Qxd5 26. Rxd5 Kf7 27. a5 Ke6 28. Ra3 f4 29. gxf4 Bxf4 30. Be1 Bc1 31. Rad3 Bg5 32. Bf2 Be7 33. Ra3 Rf8 34. Be3 g5 35. b5 h5 36. Rd1 Rg8 37. Rda1 Rac8 38. axb6 axb6 39. Ra7 g4 40. f4 exf4 41. Bxf4 h4 42. R7a3 Bf6 43. Re3+ Kf5 44. Rf1 Kg6 45. Rd3 Rge8 46. e3 Re6 47. Rd5 Ra8 48. Rfd1 Ra2+ 49. Kg1 Rb2 50. Bxd6 Rxe3 51. Bxc7 Ree2 52. Bf4 g3 53. Bd2 Rc2 54. hxg3 hxg3 55. Rd6 Rxc4 56. Rf1 Rf2 57. Rxf2 gxf2+ 58. Kxf2 Kf5 59. Be3 Be5 60. Rh6 Rb4 61. Kf3 Rb3 62. Rh5+ Ke6 63. Ke4 Rb4+ 64. Kd3 Rb3+ 65. Ke4 1/2-1/2

[Event "Terrassa"]
[Site "Terrassa"]
[Date "1991.??.??"]
[Round "9"]
[White "Epishin, Vladimir"]
[Black "Ehlvest, Jaan"]
[Result "1-0"]
[WhiteElo "2620"]
[BlackElo "2650"]
[PlyCount "79"]
[EventDate "1991.05.??"]
[Source "ChessBase"]

1. d4 Nf6 2. c4 e6 3. Nf3 b6 4. g3 Bb7 5. Bg2 Be7 6. O-O O-O 7. Nc3 Ne4 8. Bd2 Bf6 9. Rc1 Nxd2 10. Qxd2 d6 11. d5 e5 12. h4 Nd7 13. Bh3 g6 14. e4 Bg7 15. h5 Nf6 16. hxg6 hxg6 17. Kg2 Qe7 18. Rh1 Rfe8 19. Rh2 Qf8 20. Rch1 Bh6 21. Qe2 Qe7 22. Bd7 Qxd7 23. Rxh6 Kg7 24. Qd2 Rg8 25. Qg5 Qe7 26. Nb5 Qd8 27. Nh4 Nxe4 28. Rh7+ Kf8 29. Nxg6+ Ke8 30. Qf5 Qd7 31. Qxe4 Rxg6 32. Nxc7+ Qxc7 33. Qxg6 Qe7 34. Rxf7 Qxf7 35. Rh8+ Ke7 36. Rh7 Rf8 37. Qe6+ Kd8 38. Rxf7 Rxf7 39. Qxf7 b5 40. Qxb7 1-0

[Event "Frank K Berry - Camp. USA"]
[Site "Tulsa USA"]
[Date "2008.05.16"]
[Round "4"]
[White "Shulman, Y."]
[Black "Onischuk, Al"]
[Result "1/2-1/2"]
[WhiteElo "2606"]
[BlackElo "2664"]
[PlyCount "100"]
[EventDate "2008.05.13"]
[Source "www.chesslib.no"]
[SourceDate "2004.05.04"]

1. d4 Nf6 2. c4 e6 3. Nf3 b6 4. g3 Bb7 5. Bg2 Be7 6. O-O O-O 7. Nc3 Ne4 8. Bd2 f5 9. Qc2 Bf6 10. Rad1 Nxc3 11. Bxc3 Be4 12. Qb3 d6 13. Ne1 Nd7 14. Bxe4 fxe4 15. Qb5 Nb8 16. Qh5 Qe8 17. Qg4 d5 18. Ng2 h5 19. Qh3 g5 20. f3 Nd7 21. g4 exf3 22. exf3 hxg4 23. Qxg4 Bg7 24. Qxg5 Rf5 25. Qg3 Nf6 26. Qxc7 Rc8 27. Qxa7 Qc6 28. c5 bxc5 29. Qxc5 Qxc5 30. dxc5 Rxc5 31. Rfe1 Rxf3 32. Rxe6 Ne4 33. Bxg7 Kxg7 34. Re5 Nf2 35. Ne1 Nxd1 36. Nxf3 Nxb2 37. Re2 Nd3 38. Rd2 Nf4 39. Kf2 Kf6 40. Ke3 Kf5 41. Nd4+ Kg4 42. Ne2 Ne6 43. Rb2 Rc4 44. a3 d4+ 45. Kd2 Ra4 46. Rb3 Nc5 47. Rg3+ Kf5 48. Rh3 Kg4 49. Rg3+ Kf5 50. Rh3 Kg4 1/2-1/2

[Event "It"]
[Site "?"]
[Date "1991.??.??"]
[Round "?"]
[White "Epishin, Vladimir V"]
[Black "Ehlvest, Jaan"]
[Result "1-0"]
[WhiteElo "2620"]
[BlackElo "2650"]
[PlyCount "28"]
[EventDate "1991.??.??"]
[Source "www.chesslib.no"]
[SourceDate "2004.05.04"]

1. d4 Nf6 2. c4 e6 3. Nf3 b6 4. g3 Bb7 5. Bg2 Be7 6. O-O O-O 7. Nc3 Ne4 8. Bd2 Bf6 9. Rc1 Nxd2 10. Qxd2 d6 11. d5 e5 12. h4 Nd7 13. Bh3 g6 14. e4 Bg7 1-0

[Event "Hilversum (m/3)"]
[Site "?"]
[Date "1988.??.??"]
[Round "?"]
[White "Tal, M."]
[Black "Timman, J."]
[Result "1/2-1/2"]
[WhiteElo "2610"]
[BlackElo "2660"]
[PlyCount "61"]
[EventDate "1988.??.??"]
[Source "ChessBase"]
[SourceDate "1988.07.01"]

1. Nf3 Nf6 2. c4 b6 3. g3 Bb7 4. Bg2 e6 5. d4 Be7 6. Nc3 Ne4 7. Bd2 Bf6 8. O-O O-O 9. Rc1 Nxc3 10. Bxc3 d5 11. cxd5 exd5 12. b4 c6 13. a4 Nd7 14. b5 c5 15. a5 a6 16. dxc5 bxc5 17. Bxf6 Nxf6 18. bxa6 Rxa6 19. Rxc5 Ne4 20. Rc2 Rxa5 21. Qd4 Qa8 22. Rfc1 Ra2 23. Bh3 Rxc2 24. Rxc2 Nf6 25. Rc7 Bc8 26. Bxc8 Rxc8 27. Qa7 Re8 28. Qxa8 Rxa8 29. Ne5 Re8 30. f4 h5 31. Kf1 1/2-1/2

[Event "Amsterdam"]
[Site "?"]
[Date "1988.??.??"]
[Round "?"]
[White "Karpov, A."]
[Black "van der Wiel, J."]
[Result "1-0"]
[WhiteElo "2715"]
[BlackElo "2555"]
[PlyCount "77"]
[EventDate "1988.??.??"]
[Source "ChessBase"]
[SourceDate "1988.01.01"]

1. d4 Nf6 2. c4 e6 3. Nf3 b6 4. g3 Bb7 5. Bg2 Be7 6. Nc3 Ne4 7. Bd2 Bf6 8. O-O O-O 9. Rc1 d5 10. cxd5 exd5 11. Be3 Na6 12. Qa4 c5 13. Rfd1 Qe8 14. Qa3 Nxc3 15. Qxc3 Qe7 16. Qd2 Rfe8 17. b3 Rad8 18. Re1 cxd4 19. Bxd4 Nc5 20. Qb2 Bxd4 21. Nxd4 Qf6 22. Red1 Ne6 23. Rc2 Rc8 24. Rcd2 Red8 25. Bh3 Qh6 26. Bg4 Rc5 27. h4 Re8 28. Bf3 Qf6 29. b4 Rc4 30. Kg2 h6 31. e3 Rec8 32. Qb3 Qe7 33. Nf5 Qxb4 34. Qxb4 Rxb4 35. Ne7+ Kf8 36. Nxc8 Bxc8 37. Bxd5 Nc5 38. a3 Ra4 39. Bc6 1-0